BANU CİHAN ANTİK (Record no. 660427)

MARC details
000 -LEADER
sabit uzunluktaki kontrol alanı 00257nam a2200097Ia 4500
001 - KONTROL NUMARASI
kontrol alanı 660427
005 - EN SON İŞLEMİN TARİH VE ZAMANI
kontrol alanı 20250826160114.0
008 - SABİT-UZUNLUKTA VERİ ÖĞELERİ--GENEL BİLGİ
sabit uzunluktaki kontrol alanı 250824s9999 xx 000 0 und d
245 #0 - ESER / YAZAR
ESER ADI BANU CİHAN ANTİK
Yazar Adı SÜLEYMAN TEVFİK
260 ## - YAYIN, DAĞITIM, VB.
YAYIN EVİ ANTİK DÜNYA KLASİKLERİ
Holdings
Düşüm durumu Kayıp durumu Hasar Durumu Ödünç verilmez Ana kütüphane Geçerli Kütüphane Edinilen tarih Toplam ödünç verme sayısı Barkod Son görüntüleme tarihi Fiyatın geçerli olmaya başladığı tarih Koha materyal türü
        SELÇUKLU İMAM HATİP ORTAOKULU SELÇUKLU İMAM HATİP ORTAOKULU 24.08.2025   1012126 26.08.2025 26.08.2025 Books